An intelligent man's guide to Buddhism / (Record no. 124701)

MARC details
000 -LEADER
fixed length control field 00632nam a22002177a 4500
005 - DATE AND TIME OF LATEST TRANSACTION
control field 20170124105943.0
010 ## - LIBRARY OF CONGRESS CONTROL NUMBER
LC control number A-682517
020 ## - INTERNATIONAL STANDARD BOOK NUMBER
Terms of availability 75.00
035 ## - SYSTEM CONTROL NUMBER
System control number A-682517
037 ## - SOURCE OF ACQUISITION
Source of stock number/acquisition Cen Lib/Ret
040 ## - CATALOGING SOURCE
Original cataloging agency DPL
Language of cataloging EN
082 ## - DEWEY DECIMAL CLASSIFICATION NUMBER
Classification number 250
Item number KAU
100 ## - MAIN ENTRY--PERSONAL NAME
Personal name Kausalyayan, Bhadanta Ananda
9 (RLIN) 11655
245 ## - TITLE STATEMENT
Title An intelligent man's guide to Buddhism /
Statement of responsibility, etc by Bhadanta Ananda Kausalyayan
260 ## - PUBLICATION, DISTRIBUTION, ETC. (IMPRINT)
Place of publication, distribution, etc Nagpur
Name of publisher, distributor, etc Buddha Bhoomi Prakashan
Date of publication, distribution, etc 1992
270 ## - ADDRESS
Address Kamptee Road
City Nagpur
Postal code 441002
300 ## - PHYSICAL DESCRIPTION
Extent 176p.
Dimensions 20cm(Hb)
650 ## - SUBJECT ADDED ENTRY--TOPICAL TERM
Topical term or geographic name as entry element Buddhism
9 (RLIN) 1068
650 ## - SUBJECT ADDED ENTRY--TOPICAL TERM
Topical term or geographic name as entry element Buddha Dharma
9 (RLIN) 71956
942 ## - ADDED ENTRY ELEMENTS (KOHA)
Source of classification or shelving scheme Dewey Decimal Classification
Koha item type English Books
Classification part 250
Call number suffix KAU
Holdings
Withdrawn status Lost status Damaged status Not for loan Home library Current library Date acquired Source of acquisition Cost, normal purchase price Total Checkouts Full call number Barcode Date last seen Date checked out Copy number Cost, replacement price Price effective from Koha item type
        Central Library Central Library 18/06/2015 Cen Lib/Ret 75.00 1 250 KAU A-682517 07/09/2019 24/08/2019 1 75.00 18/06/2015 English Books

© Delhi Public Library
Hit Counter
free hit counter